Vlci z Wall Street. Matt /
Volné pokračování romantické série odehrávající se na obchodní burze.
Uloženo v:
| Série: | Vlci z Wall Street,
část 2 |
|---|---|
| Hlavní autor: | |
| Další autoři: | |
| Médium: | E-kniha |
| Jazyk: | Czech |
| Vydáno: |
Praha :
Dobrovský s.r.o.,
2023
|
| Edice: | Red
|
| Témata: | |
| Příbuzné jednotky: | Z cyklu::
Vlci z Wall Street |
| Tagy: |
Žádné tagy |
| LEADER | 02488nam a2200469 i 4500 | ||
|---|---|---|---|
| 001 | 312162 | ||
| 003 | CZ PrSKC | ||
| 005 | 20260601215718.0 | ||
| 007 | ta | ||
| 008 | 231019s2023 xr g 000 f cze | ||
| 015 | |a cnb003556459 | ||
| 020 | |a 9788027710843 |q (brožováno) | ||
| 035 | |a (OCoLC)1420607298 | ||
| 040 | |a ABG001 |b cze |e rda | ||
| 041 | 1 | |a cze |h eng | |
| 072 | 7 | |a 821.111(73)-3 |x Americká próza |2 Konspekt | |
| 080 | |a 821.111(73)-31 |2 MRF | ||
| 080 | |a (0:82-312.5) |2 MRF | ||
| 100 | 1 | |a Layne, Lauren |7 xx0271865 |4 aut | |
| 240 | 1 | 0 | |a Hard sell. |l Česky |
| 245 | 1 | 0 | |a Vlci z Wall Street. |p Matt / |c Lauren Layne ; přeložila Blažena Kukulišová |
| 246 | 3 | 0 | |a Matt |
| 264 | 1 | |a Praha : |b Dobrovský s.r.o., |c 2023 | |
| 300 | |a 258 stran ; |c 20 cm | ||
| 336 | |a text |b txt |2 rdacontent | ||
| 337 | |a bez média |b n |2 rdamedia | ||
| 338 | |a svazek |b nc |2 rdacarrier | ||
| 490 | 1 | |a Red | |
| 500 | |a Přeloženo z angličtiny | ||
| 520 | 2 | |a Volné pokračování romantické série odehrávající se na obchodní burze. |b Matt Cannon je v osmadvaceti letech nejmladší makléř na Wall Street, úspěšný a hříšně bohatý. Kdysi býval "zázračné dítě", ale teď je z něj každým coulem muž. Své o tom ví řada žen - a Matt si s chutí užívá večer co večer. Po posledním velkém flámu se však v novinách objeví zpráva s palcovými titulky, Mattovi klienti znejistí a šéfové ve Wolfe Investments mu dají ultimátum. Aby napravil svou reputaci, musí si najít přítelkyni. Buď bude mít vážnou známost, nebo poletí. S tak těžkým úkolem může Mattovi pomoct jenom jedna žena. Nakladatelská anotace. Kráceno. | |
| 655 | 7 | |a americké romány |7 fd131796 |2 czenas | |
| 655 | 7 | |a milostné romány |7 fd132840 |2 czenas | |
| 655 | 9 | |a American fiction |2 eczenas | |
| 655 | 9 | |a love novels |2 eczenas | |
| 700 | 1 | |a Kukulišová, Blažena, |d 1959- |7 jn20001103737 |4 trl | |
| 787 | 0 | 8 | |i Z cyklu: |t Vlci z Wall Street |g 2 |
| 830 | 0 | |a Red | |
| 900 | |a ABA001 |b 20 | ||
| 044 | |a xr | ||
| 910 | |a RBIT002 | ||
| 998 | |d 390204 |a https://core.palmknihy.cz/api/books/390204/cover?s32y2k |b https://core.palmknihy.cz/api/books/390204/cover/400?s32y2k |c https://core.palmknihy.cz/api/books/390204/cover/50?s32y2k |e 2027-10-19 |g 264 |i 9788027710843 |j https://core.palmknihy.cz/api/books/390204/preview.epub |k https://core.palmknihy.cz/api/books/390204/preview.pdf |l |q 49 |r 1 |s https://www.palmknihy.cz/kniha/390204 |t ebook |y 2023 |z 0 |v Vlci z Wall Street |w 2 | ||
| 999 | |d 312160 | ||